[Event "Ibiza Eivissa op 8th"]
[Site "Eivissa"]
[Date "2019.07.27"]
[Round "6"]
[White "Monerri Alcantara, Sohan Xabier"]
[Black "Reina Sorribas, Adrian"]
[Result "0-1"]
[WhiteElo "1192"]
[BlackElo "1278"]
[PlyCount "56"]
[EventDate "2019.07.07"]
[EventType "swiss"]
[EventRounds "7"]
[EventCountry "ESP"]
[SourceTitle "EXT 2020"]
[Source "ChessBase"]
[SourceDate "2019.10.17"]
[SourceVersion "1"]
[SourceVersionDate "2019.10.17"]
[SourceQuality "1"]

1. d4 Nf6 2. Bf4 e6 3. e3 d5 4. c3 c5 5. Nf3 Nc6 6. Be2 Bd6 7. Bg3 0-0 8. Bxd6 Qxd6 9. h3 Bd7 10. 0-0 e5 11. dxe5 Nxe5 12. c4 Qe6 13. Nxe5 Qxe5 14. Nc3 dxc4 15. Bxc4 Rad8 16. Qb3 Qg5 17. Kh2 Bc6 18. g3 Qh5 19. Be2 Qh6 20. Qc2 Rd6 21. Rad1 Rfd8 22. Rxd6 Rxd6 23. Rd1 Rxd1 24. Qxd1 g6 25. Qd8+ Kg7 26. Bb5 Ng4+ 27. Kg1 Bxb5 28. Nxb5 Qxh3 0-1